A queda dum anjo (Record no. 46175)
[ view plain ]
| 000 -Etiqueta do registo | |
|---|---|
| Valores | 00533cam a2200193 04500 |
| 100 ## - Dados gerais de processamento | |
| Dados gerais | 19860801d1986 k y0pory5003 ba |
| 101 0# - Língua de publicação | |
| Língua | por |
| 102 ## - País de publicação | |
| País | PT |
| 200 1# - Titulo e menção de responsabilidade | |
| Título próprio | A queda dum anjo |
| Primeira menção de responsabilidade | Camilo Castelo Branco |
| 210 #9 - Publicação | |
| Local de publicação | Lisboa |
| Nome do editor | Editores Associados |
| Data de publicação | [19--?] |
| 215 ## - Descrição física | |
| Paginação / Volumes | 191, [4] p. |
| Dimensões | 19 cm |
| 225 2# - Colecção | |
| Título próprio da colecção | Livros Unibolso |
| Indicação de volume | 6 |
| 675 ## - CDU | |
| Notação | 821.134.3-31"18" |
| Edição | BN |
| Língua | por |
| 700 #1 - Autor principal | |
| Apelido | Castelo Branco, |
| Nome | Camilo, |
| Datas | 1825-1890 |
| 702 #1 - Autor secundário | |
| Apelido | Santa Cruz, |
| Nome | Maria de, |
| Datas | 1941- |
| Função | 080 |
| 801 #0 - Fonte de origem | |
| País | PT |
| Agência | BN |
| Regras de catalogação | RPC |
| 990 ## - Elementos KOHA | |
| Tipo de documento | Livro |
| Aquisição | Empréstimo | Código de barras | Cota | Permissão de empréstimo | Tipo de documento | Nota relativa ao exemplar |
|---|---|---|---|---|---|---|
| Biblioteca Municipal de Redondo | Biblioteca Municipal de Redondo | 057276 | 821.134.3-3 CAS | Livro | oferta de Franklim Amaro Cabreirinha |